MDQL
is popping MORE tags! Check the
thread
!
Quizzes
Events
Quiz Creation
Community
Videos
Private Events
Remove Ads
Sign In
Join for FREE
Feedback
Dark Mode
Quiz Categories
Sports
Geography
Music
Movies
Television
Just For Fun
Miscellaneous
History
Literature
Language
Science
Gaming
Entertainment
Religion
Holiday
For Kids
Quiz Lab
Recent
Popular Today
Quiz Kudos Today
Editor Picks
Curator Picks
Quizzes by...
Day
Popularity
Type
Ratings
Length
Year
Community
Subscriptions
Recent Discussions
Orange Saloon
Badges
Playlists
Quests
Create
Leaderboards
Showdown
Live 5
Trivia Bingo
Activity
Puzzle Library
Sporcle Events
Private Events
Virtual Trivia
Globe League
Become a Host
Pub Owners
SporcleCon
Opinionation
Our Games
Videos
Blog
Mobile Apps
Partnerships
Remove Ads and Go Orange
Feedback
Music
Pop Music
The Beatles
Song
Album
Lyrics
Bands
Singers
Artist
Clip
Rock
Rap
Classical
Billboard
Country Music
Kpop
Taylor Swift
Music
Pop Music
The Beatles
Song
Album
Lyrics
Bands
Singers
Artist
Clip
Rock
Rap
Classical
Billboard
Country Music
Kpop
Taylor Swift
Random Quiz
Search Sporcle
×
Quiz Lab
Quiz Lab
Music
Album
Type in answers that appear in a list
Type in answers that appear in a list
Classic
Best Score? Go Orange.
Classic Rock Lyrics Stats
Can you name the Classic Rock Songs by Lyrics?
By
ClassicRock97
7m
20 Questions
297 Plays
297 Plays
297 Plays
Comments
Comments
Give Quiz Kudos
Give Quiz Kudos
-
- Ratings
hide this ad
Replay
Link that replays current quiz
Next Quiz
Link to next quiz in quiz playlist
You Got
0%
They Got
Avg Score
34%
Avg Friend Score
Upgrade to see
Score Distribution
Jump to the score distribution portion of the page
Score
0/20
Timer
07:00
0
Plays Today
Lyrics
Song
% Correct
Big wheels keep on turning, Carry me home to see my kin
Sweet Home Alabama
77.1%
Oh, yeah, it was like lightning Everybody was frightening And the music was soothing And they all started grooving
Ballroom Blitz
63%
Women seem wicked when you're unwanted, Streets are uneven when you're down
People are Strange
53.9%
Walked out this morning, Don't believe what I saw, A hundred billion bottles, Washed up on the shore
Message in a Bottle
52.5%
He had a nasty reputation as a cruel dude, They said he was ruthless, they said he was crude
Life in the Fast Lane
47.8%
What's the matter with the clothes im wearing?
It's Still Rock and Roll to me
46.1%
In my life there's been heartache and pain I don't know if I can face it again
I Want to Know What Love Is
39.7%
Many dreams come true and some have silver linings I live for my dream and a pocketful of gold
Over the Hills and Far Away
35.7%
I live my life like there's no tomorrow, And all I've got, I had to steal
Runnin With the Devil
35.4%
You say Lord I say Christ I don't believe in Peter Pan, Frankenstein or Superman
Bicycle Race
33.3%
Lyrics
Song
% Correct
And in the end The love you take Is equal to the love you make
The End
33.3%
Remember when you were young, you shone like the sun
Shine on you Crazy Diamond
33%
In and around the lake Mountains come out of the sky and they Stand there
Roundabout
30.3%
They rally round the family, With a pocket full of shells
Bulls on Parade
23.6%
Lonely feeling, deep inside, find a corner, where i can hide
No Sugar Tonight
22.6%
In the high school halls, In the shopping malls, Conform or be cast out
Subdivisions
21.2%
First I drink, then I smoke, Start up the car, and I try to make the midnight show
Detroit Rock City
19.9%
Blood rack barbed wire, Politicians' funeral pyre, Innocents raped with napalm fire
21st Century Schizoid Man
8.8%
I don't suppose you would remember me, But I used to follow you back in '63
Bell Boy
7.7%
Fly into the rising sun, Faces, smiling everyone
Woman from Tokyo
5.7%
Quiz Playlist
Details
Report
Send in Message
Add To Playlist
Classic:
Type in answers that appear in a list
Last Updated: Dec 30, 2021
Quiz Scoreboard
CHALLENGE
Sign Up to Join the Scoreboard
Show All
Scores
Hide
Comments
May contain spoilers
Recently Published
Street Fighter Characters
by Artimus82
Gaming
60s
9x9 Crossword: Cartoon Network
by jackfrog10
Miscellaneous
3m
College Basketball Coaching Resumes
by pancakes188
Sports
9m
More to Explore
Quiz From the Vault
Featured Blog Post
Where Did the Easter Bunny Come From?
hide this ad
You Might Also Like...
Tags
Album Quiz
Lyrics Quiz
Rock Quiz
Song Quiz
Year Quiz
classic
Classic Rock
Led Zeppelin
Lynyrd Skynyrd
Today's Top Quizzes in Music
Browse Music
hide this ad
Today's Top Quizzes in Album
Browse Album
Top Contributed Quizzes in Music
1
Taylor Swift All Songs (2024)
2
Taylor Swift Logic Puzzle
3
Guess the Artist- 70s Songs
4
7-to-1: Billboard Hot 100 #1 Hits of 2010s
5
Sorting Albums and Songs
6
KPOP LOGIC QUIZ
7
Guess the Taylor Swift song (Mystery Song)
8
Guess The Taylor Swift Lyrics Song #1
9
Billboard Blitz: ABBA
10
Billboard Blitz: The Beatles
Explore More
Trending Topics
Anime
Marvel
Kpop
Crossword
NBA
Disney
Harry Potter
Country
Puzzle
WWE
The Office
Song
Pokémon
NFL
Soccer
hide this ad
More By:
ClassicRock97
Quiz
Plays
Rating
Category
Featured
Created
Classic Rock Lyrics
297
4.00
Music
Jan 2, 2013
Led Zeppelin III Songs
51
5.00
Music
Dec 11, 2012
Go to Creator's Profile
Score Distribution
Quiz Creator Spotlight
ClassicRock97
Follow
Send a Message
Quizzes Created
-
Created Quiz Play Count
-
More By This Creator
Popular Quizzes Today
1
Find the US States - No Outlines Minefield
2
Find the Countries of Europe - No Outlines Minefield
3
The Countries of the World
4
Find the US States
5
Risky Map Clicking: Biggest States A-Z
6
US States
7
Popular People in 1961
8
Movies - When Are They Set?
More Music Quizzes
Bands/Artists From Ohio
Quiz Lab
Trending Quizzes
Risky Map Clicking: Least Populous States A-Z
Countries of the World: 200 Million BC
1-10 Letter G Words
Risky Map Clicking: Next State Alphabetically
Adjectives in 80s TV Shows
Recently Updated
Leaping Animals
pecheneg
Reality TV Shows (A-Z)
bhenderson79
Rickey Henderson's Hall of Fame Teammates
pecheneg
Champions League XIs: Arsenal
pecheneg
Quick Pick: Celebrities in WWE's Hall of Fame
aduchscher
A-Z Keypad Blitz II
pecheneg
Multiple Oscar Actors
pecheneg
Mystery Phrase Blitz: Oscar 'Best Actors'
pecheneg
F. Scott Fitzgerald Novels
LTH
Pick 3 Villains
ddd62291
Trending Topics
Marvel
Disney
Kpop
Harry Potter
Crossword
NBA
Anime
Song
WWE
The Office
Puzzle
Pokémon
NFL
Country
Soccer
Your Account Isn't Verified!
In order to create a playlist on Sporcle, you need to verify the email address you used during registration. Go to your
Sporcle Settings
to finish the process.
Report this User
Report this user for behavior that violates our
Community Guidelines
.
Details:
Send Report
Go to the Sporcle.com Mobile Site →
Comments